Human geography: landcapes of human activities / (Record no. 332)

MARC details
000 -LEADER
fixed length control field 00813nam a22002057a 4500
008 - FIXED-LENGTH DATA ELEMENTS--GENERAL INFORMATION
fixed length control field 111208t xxu||||| |||| 00| 0 eng d
020 ## - INTERNATIONAL STANDARD BOOK NUMBER
International Standard Book Number 0073222712
050 ## - LIBRARY OF CONGRESS CALL NUMBER
Classification number GF41.F44
100 ## - MAIN ENTRY--PERSONAL NAME
Personal name Fellmann, Jerome D.
245 ## - TITLE STATEMENT
Title Human geography: landcapes of human activities /
Statement of responsibility, etc. Jerome D. Fellmann, Arthur Getis and Judith Getis
250 ## - EDITION STATEMENT
Edition statement 9th ed.
260 ## - PUBLICATION, DISTRIBUTION, ETC.
Place of publication, distribution, etc. Boston:
Name of publisher, distributor, etc. McGraw-Hill,
Date of publication, distribution, etc. c2007.
300 ## - PHYSICAL DESCRIPTION
Extent xviii,553 p.:
Other physical details ill, maps (col.)
Dimensions 29cm.
500 ## - GENERAL NOTE
General note Includes index.
505 ## - FORMATTED CONTENTS NOTE
Formatted contents note Contents: Themes and fundamentals of human geography -- Patterns of diversity and unity -- Dynamic patterns of the space economy -- Landscapes of functional organization -- Human actions and environmental impacts.
650 ## - SUBJECT ADDED ENTRY--TOPICAL TERM
Topical term or geographic name entry element Human geography.
700 ## - ADDED ENTRY--PERSONAL NAME
Personal name Getis, Arthur
700 ## - ADDED ENTRY--PERSONAL NAME
Personal name Getis, Judith
942 ## - ADDED ENTRY ELEMENTS (KOHA)
Source of classification or shelving scheme Library of Congress Classification
Koha item type Books
Holdings
Withdrawn status Lost status Source of classification or shelving scheme Damaged status Not for loan Home library Current library Shelving location Date acquired Total Checkouts Full call number Barcode Date last seen Copy number Price effective from Koha item type
    Library of Congress Classification     WISCONSIN INTERNATIONAL UNIVERSITY COLLEGE, GHANA - MAIN LIBRARY WISCONSIN INTERNATIONAL UNIVERSITY COLLEGE, GHANA - MAIN LIBRARY General Stacks 08/12/2011   GF41.F44 632/11 08/12/2011 1 08/12/2011 Books
    Library of Congress Classification     WISCONSIN INTERNATIONAL UNIVERSITY COLLEGE, GHANA - MAIN LIBRARY WISCONSIN INTERNATIONAL UNIVERSITY COLLEGE, GHANA - MAIN LIBRARY General Stacks 08/12/2011   GF41.F441 633/11 08/12/2011 2 08/12/2011 Books

If you have any concerns or questions; kindly contact the library


© Powered by WIUC ICT DIRECTORATE